000 01681cam a22004694i 4500
003 PE-LiUPU
005 20250731173016.0
008 150623s r 000 0 d
020 _a1573121592
035 _a(Sirsi) i9781573121590
040 _aPE-LiUPU
_bspa
_cPE-LiUPU
_erda
049 _aPRUA
082 0 4 _a264
_bF97
_221
100 1 _aFurr, Gary,
_eautor.
245 1 4 _aThe dialogue of worship: creating space for revelation and response /
_cGary A. Furr, Milburn Price.
264 1 _aMacon, Georgia :
_bSmyth and Helwys Publishing, Inc.,
_c1998.
300 _a90 páginas ;
_c23 centímetros
336 _atext
_2rdacontent
337 _aunmediated
_2rdamedia
338 _avolume
_2rdacarrier
504 _aIncluye bibliografía.
505 0 _aWhorship as dialogue and drama. -The community in dialogue with God. -The dialogue within the commnunity. -Music in the dialogue of worship. -Worship planning: connecting the conversations. -Worship in other settings.
526 _aSEG42
526 _aSEG41
526 _aSEG40
526 _aSEG39
526 _aP94
526 _aP87
526 _aP86
526 _aP85
526 _aP77
526 _aP76
526 _aP35
650 0 4 _aCulto público.
700 1 _aMilburn Price.
942 _2ddc
_cBOOK
949 _a264 F97
_wDEWEY
_c1
_i47291
_lCCODEBUL1
_mBUL
_r0
_sY
_tBOOK
_u2015-6-24
_xTEOLOGIA
_PP35
_0COMPRA
_o.STAFF. Colección General
994 _aC0
_bPEPRU
596 _a1
999 _a264 F97
_wDEWEY
_c23837
_i47291
_f2021-11-10
_g5
_lCCODEBUL1
_mBUL
_r0
_sY
_tBOOK
_u2015-6-24
_xTEOLOGIA
_PP35
_0COMPRA
_o.STAFF. Colección General
_d23837
980 _81
_gALBERTO SANCHEZ Responsable de Automatización